Alternatívne prístuipy riešenia alokačných problémov diplomová práca

Enregistré dans:
Détails bibliographiques
Auteur principal: Hodásová, Alžbeta
Collectivité auteur: Fakulta hospodárskej informatiky EU. Katedra operačného výskumu a ekonometrie
Autres auteurs: Brezina, Ivan, 1963-
Format: Livre
Langue:slovaque
Publié: Bratislava 2011
Tags: Ajouter un tag
Pas de tags, Soyez le premier à ajouter un tag!

MARC

LEADER 00000nbm a2200000 4500
001 0140653
005 20161109101940.8
041 0 |a slo 
044 |a SK 
245 1 0 |a Alternatívne prístuipy riešenia alokačných problémov  |b diplomová práca  |c Alžbeta Hodásová ; školiteľ: Ivan Brezina 
264 1 |a Bratislava  |c 2011 
300 |a 63 s. 
100 1 |a Hodásová, Alžbeta 
700 1 |a Brezina, Ivan, 1963- 
710 2 |a Fakulta hospodárskej informatiky EU. Katedra operačného výskumu a ekonometrie